000 00888na a2200289 4500
001 15483
003 MIRAKIL
005 20181213155025.0
008 161018b tu 000 0
035 _a15483
040 _aMilas
_btur
_cTR-AnCHP
041 _atur
082 _a410.92
_bM36y 2004
090 _a410.92 M36y 2004
100 _aMert, Hamdi
245 _aYeniden doğan kıpçak
_bİstvan Mandoky Kongur
_cHamdi Mert
246 _aİstvan Mandoky Kongur
260 _aAnkara
_bYeni Avrasya Yayınları
_c2004
300 _a247 s.
_bres.
_c24 sm.
440 _aYeni Avrasya Yayınları
_v33
490 _aAraştırma - İnceleme
_v26
504 _aKaynakça ve dizin var.
600 _aKongur, İstvan Mandoky
_d1944-1992
_xYaşamöyküsü
650 _aYaşamöyküsü
_xTürkiye
_yTürkologlar
650 _aTürkologlar
_xMacar
_yYaşamöyküsü
942 _2ddc
_cBKS
999 _c5029
_d5029